| 000 | 00554nam a2200193Ia 4500 | ||
|---|---|---|---|
| 008 | 240509s9999 xx 000 0 und d | ||
| 020 | _a0008177588575 | ||
| 041 | _aEng | ||
| 082 | _a658.404 | ||
| 082 | _bJ14 | ||
| 100 | _aJALOTE, P.: | ||
| 245 | 0 | _aSOFTWARE PROJECT MANAGEMENT IN PRACTICE : THE PROCESSES USED BY INFOSYS, A HIGH-MATURITY ORGANIZATION, TO MANAGE SOFTWARE PROJECTS | |
| 260 | _bINDIA : PEARSON EDUCATION | ||
| 260 | _c2002 | ||
| 300 | _a262 p. | ||
| 650 | _aPROJECT MANAGEMENT : MANAGEMENT: | ||
| 942 | _2ddc | ||
| 942 | _cLBK | ||
| 999 |
_c22428 _d22428 |
||
| 945 |
_a1 _bMadushi Gamage _c1 _dMadushi Gamage |
||